[Event "Mindsports Open 4th"]
[Site "London"]
[Date "2024.07.18"]
[Round "1.1"]
[White "Teclaf, Pawel"]
[Black "Merriman, John"]
[Result "1/2-1/2"]
[WhiteElo "2559"]
[BlackElo "2251"]
[PlyCount "99"]
[EventDate "2024.07.18"]
[EventType "swiss"]
[EventRounds "9"]
[EventCountry "ENG"]
[SourceTitle "BritBase"]
[Source "John Saunders"]
[SourceDate "2024.08.27"]
[SourceVersion "1"]
[SourceVersionDate "2024.08.27"]
[SourceQuality "1"]

1. c4 e6 2. g3 Nf6 3. Bg2 d5 4. Nf3 Be7 5. O-O O-O 6. b3 b6 7. d4 Bb7 8. Nc3 dxc4 9. bxc4 Nbd7 10. Bb2 Ne4 11. Qd3 Nxc3 12. Bxc3 Nf6 13. Rad1 Qe8 14. Ne5 Bxg2 15. Kxg2 Qa4 16. d5 exd5 17. cxd5 Ne4 18. Nc6 Rfe8 19. Be5 Bd6 20. Qd4 Nc5 21. Bxg7 Rxe2 22. Bh6 Qxd4 23. Rxd4 f5 24. Rd2 Rae8 25. Rfd1 Kf7 26. Nxa7 Rxd2 27. Rxd2 Ne4 28. Rc2 Re5 29. Nb5 Rxd5 30. Nxd6+ cxd6 31. Be3 b5 32. Rc7+ Kg6 33. Rc6 Kf6 34. Rc7 Kg6 35. Bf4 Nd2 36. Rc2 Ne4 37. f3 Nf6 38. Rc6 Ne8 39. Rb6 h5 40. Kf2 Kf7 41. Rb7+ Ke6 42. Rh7 Rc5 43. Rh6+ Kd7 44. Rxh5 Rc2+ 45. Ke3 Rxa2 46. Rxf5 b4 47. Rb5 Nc7 48. Rb8 Rxh2 49. Kd3 Nd5 50. Kc4 1/2-1/2

[Event "Mindsports Open 4th"]
[Site "London"]
[Date "2024.07.18"]
[Round "1.2"]
[White "Navrotescu, Andreea"]
[Black "Urkedal, Frode Olav Olsen"]
[Result "0-1"]
[WhiteElo "2246"]
[BlackElo "2551"]
[PlyCount "86"]
[EventDate "2024.07.18"]
[EventType "swiss"]
[EventRounds "9"]
[EventCountry "ENG"]
[SourceTitle "BritBase"]
[Source "John Saunders"]
[SourceDate "2024.08.27"]
[SourceVersion "1"]
[SourceVersionDate "2024.08.27"]
[SourceQuality "1"]

1. d4 Nf6 2. c4 e6 3. Nf3 d5 4. Nc3 c6 5. Bg5 h6 6. Bh4 dxc4 7. e4 g5 8. Bg3 b5 9. e5 Nd5 10. Nd2 h5 11. h4 g4 12. Nde4 Nd7 13. a4 Bb7 14. Be2 Nxc3 15. bxc3 c5 16. Nd6+ Bxd6 17. exd6 Bxg2 18. Rh2 Bd5 19. dxc5 Qf6 20. axb5 Nxc5 21. Qd4 Qxd4 22. cxd4 Ne4 23. Bf4 Nc3 24. f3 gxf3 25. Bf1 Nxb5 26. Rb2 a6 27. Rba2 f6 28. Rxa6 Rxa6 29. Rxa6 Kd7 30. Kf2 Rg8 31. Ra5 Kc6 32. Ke3 Rd8 33. Bh2 Kb6 34. Ra4 Nxd6 35. Bxd6 Rxd6 36. Bxc4 Bc6 37. Ra6+ Kc7 38. Ra5 f5 39. d5 exd5 40. Bd3 d4+ 41. Kd2 Be4 42. Re5 f2 43. Bf1 Rb6 0-1

[Event "Mindsports Open 4th"]
[Site "London"]
[Date "2024.07.18"]
[Round "1.3"]
[White "Fernandez, Daniel Howard"]
[Black "Rudd, Jack"]
[Result "1-0"]
[WhiteElo "2525"]
[BlackElo "2243"]
[PlyCount "91"]
[EventDate "2024.07.18"]
[EventType "swiss"]
[EventRounds "9"]
[EventCountry "ENG"]
[SourceTitle "BritBase"]
[Source "John Saunders"]
[SourceDate "2024.08.27"]
[SourceVersion "1"]
[SourceVersionDate "2024.08.27"]
[SourceQuality "1"]

1. e4 c5 2. Nf3 e6 3. c3 d5 4. exd5 exd5 5. d4 Nf6 6. Bg5 Be7 7. dxc5 Bxc5 8. Bb5+ Nc6 9. O-O Be6 10. Nd4 Qb6 11. Bxf6 gxf6 12. Nxe6 fxe6 13. Qe2 Kd7 14. Nd2 Rae8 15. b4 Bd6 16. c4 Qd4 17. Rad1 Qe5 18. Qxe5 fxe5 19. Ne4 Bxb4 20. Nf6+ Kd6 21. cxd5 exd5 22. Nxd5 Kc5 23. Bxc6 bxc6 24. Nxb4 Kxb4 25. Rd3 Rd8 26. Rb3+ Ka4 27. Rc3 Rd6 28. Re1 Rb8 29. g3 Rb5 30. Kg2 Ka5 31. Re2 Kb6 32. h4 a5 33. a4 Rb4 34. Rxe5 Rxa4 35. Re8 h6 36. f3 Ra2+ 37. Kh3 a4 38. Kg4 Rad2 39. Rb8+ Kc7 40. Rb4 Ra2 41. Kh5 a3 42. Ra4 Rg2 43. g4 a2 44. Rca3 Rd5+ 45. Kxh6 Re2 46. Ra7+ 1-0

[Event "Mindsports Open 4th"]
[Site "London"]
[Date "2024.07.18"]
[Round "1.4"]
[White "Villiers, Thomas"]
[Black "Janik, Igor"]
[Result "1/2-1/2"]
[WhiteElo "2229"]
[BlackElo "2511"]
[PlyCount "190"]
[EventDate "2024.07.18"]
[EventType "swiss"]
[EventRounds "9"]
[EventCountry "ENG"]
[SourceTitle "BritBase"]
[Source "John Saunders"]
[SourceDate "2024.08.27"]
[SourceVersion "1"]
[SourceVersionDate "2024.08.27"]
[SourceQuality "1"]

1. e4 c5 2. Nf3 Nc6 3. d4 cxd4 4. Nxd4 e6 5. Bf4 d6 6. Nb5 e5 7. Be3 Nf6 8. Bc4 Be7 9. Nd2 O-O 10. O-O Bd7 11. Qe2 a6 12. Nc3 b5 13. Bb3 Na5 14. Nd5 Nxb3 15. Nxe7+ Qxe7 16. axb3 Bc6 17. Bg5 h6 18. Bh4 g5 19. Bg3 Kg7 20. Rfd1 Rfe8 21. f3 d5 22. exd5 Nxd5 23. c3 h5 24. Re1 Qa7+ 25. Bf2 Nf4 26. Bxa7 Nxe2+ 27. Rxe2 Rxa7 28. b4 Bd5 29. Ne4 Bxe4 30. Rxe4 f6 31. Rd1 Ree7 32. Re2 a5 33. bxa5 Rxa5 34. Rd5 Rb7 35. Kf2 Kg6 36. Re4 Kf5 37. h4 g4 38. Rb4 gxf3 39. gxf3 Ke6 40. c4 Ra4 41. Rbxb5 Rxb5 42. Rxb5 Rxc4 43. Kg3 Kf5 44. Rb8 Rd4 45. Rh8 Kg6 46. Rg8+ Kf7 47. Rh8 Rb4 48. Rxh5 Kg7 49. Kh3 Rc4 50. Kg3 Rf4 51. Kg2 Rd4 52. Kg3 Rb4 53. Kh3 Rxb2 54. f4 Kg6 55. Rh8 Rb3+ 56. Kg2 exf4 57. Ra8 Rg3+ 58. Kf2 Rh3 59. Ra5 f5 60. Ra8 f3 61. Ra3 Rxh4 62. Rxf3 Ra4 63. Rg3+ Kf6 64. Rg8 Ke5 65. Rh8 Ke4 66. Rh3 Ra2+ 67. Kf1 Kf4 68. Rb3 Rd2 69. Rc3 Kg4 70. Ra3 Rb2 71. Ra4+ f4 72. Ra3 Rb1+ 73. Kf2 Rc1 74. Rb3 Ra1 75. Rc3 Ra2+ 76. Kf1 Kf5 77. Rc5+ Ke4 78. Rc3 Rd2 79. Ra3 Kf5 80. Rb3 Kg4 81. Ra3 Rd8 82. Kf2 Rb8 83. Rc3 Rh8 84. Kg2 Ra8 85. Rb3 Ra2+ 86. Kf1 Rh2 87. Kg1 Rc2 88. Kf1 Rc4 89. Kf2 Rc1 90. Ra3 Rh1 91. Kg2 Rh7 92. Rb3 Ra7 93. Kf2 Ra4 94. Rc3 f3 95. Rc8 Ra2+ 1/2-1/2

[Event "Mindsports Open 4th"]
[Site "London"]
[Date "2024.07.18"]
[Round "1.5"]
[White "Lemos, Damian"]
[Black "Sowray, Peter J"]
[Result "1-0"]
[WhiteElo "2479"]
[BlackElo "2194"]
[PlyCount "63"]
[EventDate "2024.07.18"]
[EventType "swiss"]
[EventRounds "9"]
[EventCountry "ENG"]
[SourceTitle "BritBase"]
[Source "John Saunders"]
[SourceDate "2024.08.27"]
[SourceVersion "1"]
[SourceVersionDate "2024.08.27"]
[SourceQuality "1"]

1. Nf3 Nf6 2. b3 g6 3. Bb2 Bg7 4. g3 c5 5. c4 O-O 6. Bg2 d6 7. O-O e5 8. Nc3 Nc6 9. d3 h6 10. Nd2 Be6 11. Nde4 Ne8 12. Nd5 f5 13. Nec3 Qd7 14. e3 g5 15. Qd2 Nf6 16. Rae1 Nh7 17. Nb5 Rad8 18. f4 b6 19. d4 cxd4 20. exd4 e4 21. Ndc7 Bf7 22. d5 Ne7 23. Bxg7 Kxg7 24. Qd4+ Nf6 25. fxg5 hxg5 26. Bxe4 Kg6 27. Bb1 Rh8 28. Ne6 Rdg8 29. Rxf5 Nxf5 30. Bxf5+ Kxf5 31. Rf1+ Kg6 32. Qxf6+ 1-0

[Event "Mindsports Open 4th"]
[Site "London"]
[Date "2024.07.18"]
[Round "1.6"]
[White "Badacsonyi, Stanley"]
[Black "Kovchan, Alexander"]
[Result "0-1"]
[WhiteElo "2178"]
[BlackElo "2455"]
[PlyCount "142"]
[EventDate "2024.07.18"]
[EventType "swiss"]
[EventRounds "9"]
[EventCountry "ENG"]
[SourceTitle "BritBase"]
[Source "John Saunders"]
[SourceDate "2024.08.27"]
[SourceVersion "1"]
[SourceVersionDate "2024.08.27"]
[SourceQuality "1"]

1. d4 Nf6 2. Bg5 e6 3. e4 h6 4. Bxf6 Qxf6 5. c3 d5 6. Bd3 c5 7. Nf3 cxd4 8. cxd4 dxe4 9. Bxe4 Bd6 10. Nc3 O-O 11. O-O Rd8 12. Qe2 Nd7 13. Rad1 a6 14. Rfe1 Rb8 15. Bb1 Nf8 16. Ne5 Bd7 17. Rd3 Bc6 18. Rg3 Bxe5 19. dxe5 Qf4 20. Re3 Rd4 21. Be4 Bxe4 22. Rxe4 Rxe4 23. Qxe4 Qd2 24. Qe2 Rd8 25. g3 Qxe2 26. Rxe2 g5 27. Kg2 Ng6 28. Kf3 b5 29. a3 Rc8 30. Re4 Rc5 31. a4 Nxe5+ 32. Ke2 Nc6 33. axb5 axb5 34. Kd2 Rf5 35. Ke3 Kg7 36. b4 Ne7 37. Rd4 Re5+ 38. Kf3 Nc6 39. Re4 Rxe4 40. Kxe4 f5+ 41. Ke3 Kf6 42. Nxb5 Nxb4 43. f3 e5 44. g4 Nd5+ 45. Kf2 fxg4 46. fxg4 e4 47. Nd6 Ke5 48. Nf7+ Kf4 49. Nxh6 e3+ 50. Ke1 Kf3 51. Nf7 Kxg4 52. Ke2 Kf5 53. h3 Kf4 54. Kd3 Nb4+ 55. Ke2 Nc6 56. Kd3 Nb4+ 57. Ke2 Na2 58. Kd3 Nc1+ 59. Kc2 Nb3 60. Kd3 Nc5+ 61. Ke2 Ne4 62. Nd8 Nc3+ 63. Ke1 Nb5 64. Ne6+ Kf5 65. Nc5 Nd4 66. Kf1 Ke5 67. Nd3+ Ke4 68. Ne1 Nf3 69. Nc2 Kd3 70. Nxe3 Kxe3 71. Kg2 Kf4 0-1

[Event "Mindsports Open 4th"]
[Site "London"]
[Date "2024.07.18"]
[Round "1.7"]
[White "Czopor, Maciej"]
[Black "Karas, Eugenia"]
[Result "1-0"]
[WhiteElo "2361"]
[BlackElo "2173"]
[PlyCount "69"]
[EventDate "2024.07.18"]
[EventType "swiss"]
[EventRounds "9"]
[EventCountry "ENG"]
[SourceTitle "BritBase"]
[Source "John Saunders"]
[SourceDate "2024.08.27"]
[SourceVersion "1"]
[SourceVersionDate "2024.08.27"]
[SourceQuality "1"]

1. e4 c5 2. Nf3 d6 3. d4 cxd4 4. Nxd4 Nf6 5. Nc3 a6 6. Be2 e5 7. Nb3 Be7 8. O-O O-O 9. Re1 Be6 10. Bf3 Nbd7 11. a4 b6 12. Nd2 Qc7 13. Nf1 Rab8 14. Be3 Rfc8 15. Ng3 Bf8 16. Re2 g6 17. Rd2 Rb7 18. Be2 Bc4 19. Bxc4 Qxc4 20. Qf3 Qe6 21. h3 b5 22. axb5 axb5 23. Ra5 Qc4 24. Bg5 Qb4 25. Ra2 Be7 26. Nf1 Rbc7 27. Rd3 Rc4 28. Bd2 Qc5 29. Ne3 Rd4 30. Ncd5 Nxd5 31. Nxd5 Bf8 32. Rc3 Rc4 33. Rxc4 Qxc4 34. Ra7 Qc6 35. Rxd7 1-0

[Event "Mindsports Open 4th"]
[Site "London"]
[Date "2024.07.18"]
[Round "1.8"]
[White "Li, Harry"]
[Black "Cherniaev, Alexander"]
[Result "1/2-1/2"]
[WhiteElo "2166"]
[BlackElo "2359"]
[PlyCount "109"]
[EventDate "2024.07.18"]
[EventType "swiss"]
[EventRounds "9"]
[EventCountry "ENG"]
[SourceTitle "BritBase"]
[Source "John Saunders"]
[SourceDate "2024.08.27"]
[SourceVersion "1"]
[SourceVersionDate "2024.08.27"]
[SourceQuality "1"]

1. e4 c5 2. Nf3 Nc6 3. d4 cxd4 4. Nxd4 Nf6 5. Nc3 e6 6. Ndb5 d6 7. Bf4 e5 8. Bg5 a6 9. Na3 Be6 10. Nc4 Rb8 11. a4 Nb4 12. Be2 Rc8 13. Ne3 Be7 14. O-O O-O 15. Bxf6 Bxf6 16. Ncd5 Nxd5 17. exd5 Bd7 18. Nc4 Qc7 19. c3 e4 20. Qd2 Rce8 21. Qe3 Be5 22. Qb6 Qxb6 23. Nxb6 Re7 24. g3 Bh3 25. Rfe1 f5 26. Nc4 f4 27. Bf1 Bxf1 28. Rxf1 e3 29. fxe3 fxg3 30. hxg3 Bxg3 31. Kg2 Be5 32. Rxf8+ Kxf8 33. Ra3 Ke8 34. Rb3 Kd8 35. Nxe5 dxe5 36. c4 e4 37. Rb6 Kc8 38. a5 Re5 39. b4 Rg5+ 40. Kh3 Rf5 41. Re6 Rf3+ 42. Kg4 Rxe3 43. c5 Kd7 44. Kf4 Re1 45. Rxe4 g5+ 46. Kf5 Rxe4 47. Kxe4 g4 48. Kf4 h5 49. b5 Kc8 50. c6 bxc6 51. bxc6 Kc7 52. Kg3 Kd6 53. Kf4 Kc7 54. Kg3 Kd6 55. Kf4 1/2-1/2

[Event "Mindsports Open 4th"]
[Site "London"]
[Date "2024.07.18"]
[Round "1.9"]
[White "Antolak, Julia"]
[Black "Banerjee, Supratit"]
[Result "1-0"]
[WhiteElo "2333"]
[BlackElo "2161"]
[PlyCount "115"]
[EventDate "2024.07.18"]
[EventType "swiss"]
[EventRounds "9"]
[EventCountry "ENG"]
[SourceTitle "BritBase"]
[Source "John Saunders"]
[SourceDate "2024.08.27"]
[SourceVersion "1"]
[SourceVersionDate "2024.08.27"]
[SourceQuality "1"]

1. e4 c6 2. Nc3 d5 3. Qf3 dxe4 4. Nxe4 Nd7 5. d4 Ngf6 6. Bd3 Nxe4 7. Qxe4 Nf6 8. Qh4 Qd5 9. Nf3 Bg4 10. c4 Qd6 11. Be3 Bxf3 12. gxf3 h6 13. O-O-O O-O-O 14. Kb1 Rg8 15. d5 c5 16. Bf5+ Nd7 17. Qe4 g6 18. Be6 Bg7 19. Rd2 f5 20. Qd3 f4 21. Bxc5 Qxc5 22. Bxg8 Rxg8 23. Qxg6 Qa5 24. Rc2 Qd8 25. Rg1 Kb8 26. c5 Ne5 27. Qe4 Bf6 28. Rxg8 Qxg8 29. c6 bxc6 30. dxc6 Qg1+ 31. Rc1 Qg6 32. Qxg6 Nxg6 33. Rc4 Kc7 34. b4 Be5 35. b5 Bd6 36. a4 Nh4 37. a5 Nxf3 38. b6+ axb6 39. a6 Nd2+ 40. Kc2 Nxc4 41. a7 Kxc6 42. a8=Q+ Kc5 43. Qh8 b5 44. Qxh6 b4 45. Qg5+ e5 46. h4 b3+ 47. Kxb3 Nd2+ 48. Kc2 Ne4 49. Qg2 Nf6 50. Qg6 Nd5 51. h5 Nb4+ 52. Kd2 Nc6 53. h6 Ne7 54. Qe6 Nc6 55. h7 Nd4 56. Qc8+ Nc6 57. h8=Q e4 58. Qhe8 1-0

[Event "Mindsports Open 4th"]
[Site "London"]
[Date "2024.07.18"]
[Round "1.10"]
[White "Josse, Mark"]
[Black "Fitzsimons, David"]
[Result "0-1"]
[WhiteElo "2150"]
[BlackElo "2320"]
[PlyCount "96"]
[EventDate "2024.07.18"]
[EventType "swiss"]
[EventRounds "9"]
[EventCountry "ENG"]
[SourceTitle "BritBase"]
[Source "John Saunders"]
[SourceDate "2024.08.27"]
[SourceVersion "1"]
[SourceVersionDate "2024.08.27"]
[SourceQuality "1"]

1. c4 Nf6 2. Nc3 g6 3. e4 Bg7 4. d4 d6 5. h3 O-O 6. Be3 Nbd7 7. Nf3 e5 8. dxe5 dxe5 9. c5 Qe7 10. Nd5 Nxd5 11. Qxd5 Nf6 12. Qc4 Rd8 13. Qc2 Nh5 14. Bc4 Nf4 15. O-O Qf6 16. Rfd1 Bd7 17. Bxf4 Qxf4 18. Qb3 Bc6 19. Bd5 Bxd5 20. Rxd5 Qxe4 21. Rxd8+ Rxd8 22. Qxf7+ Kxf7 23. Ng5+ Ke7 24. Nxe4 Rd4 25. Re1 h6 26. f3 Ke6 27. Re3 Kd5 28. Rb3 Kc6 29. Rc3 Bf8 30. Kf1 a5 31. Ke2 a4 32. b3 Kb5 33. bxa4+ Rxa4 34. Rb3+ Kc6 35. Rb2 Ra5 36. Rd2 Bxc5 37. Nxc5 Rxc5 38. Ke3 Rd5 39. Rc2+ Kd6 40. Rc4 c5 41. f4 b5 42. Rc2 exf4+ 43. Kxf4 b4 44. Ke4 Rd4+ 45. Ke3 Kd5 46. Rf2 c4 47. Rf8 Rd3+ 48. Ke2 Rg3 0-1

[Event "Mindsports Open 4th"]
[Site "London"]
[Date "2024.07.18"]
[Round "1.11"]
[White "Balaji, Aaravamudhan"]
[Black "Eames, Robert S"]
[Result "1-0"]
[WhiteElo "2316"]
[BlackElo "2148"]
[PlyCount "115"]
[EventDate "2024.07.18"]
[EventType "swiss"]
[EventRounds "9"]
[EventCountry "ENG"]
[SourceTitle "BritBase"]
[Source "John Saunders"]
[SourceDate "2024.08.27"]
[SourceVersion "1"]
[SourceVersionDate "2024.08.27"]
[SourceQuality "1"]

1. d4 Nf6 2. c4 c5 3. d5 b5 4. cxb5 a6 5. bxa6 e6 6. Nc3 exd5 7. Nxd5 Nxa6 8. Bg5 Be7 9. Nxe7 Qxe7 10. Nf3 Rb8 11. b3 h6 12. Bf4 Rb6 13. e3 Bb7 14. Be2 g5 15. Bg3 h5 16. Nxg5 h4 17. Bf4 Nd5 18. Qd2 Rg8 19. O-O Rxg5 20. Bxg5 Qxg5 21. f4 Qg7 22. Bf3 Nac7 23. Rac1 d6 24. e4 Nb4 25. e5 Bxf3 26. Rxf3 Ne6 27. Re3 d5 28. f5 Nd4 29. e6 fxe6 30. fxe6 Nf5 31. Rxc5 Qa1+ 32. Re1 Qd4+ 33. Qxd4 Nxd4 34. Rc8+ Ke7 35. Rc7+ Ke8 36. Rc8+ Ke7 37. Rc7+ Ke8 38. e7 Ne6 39. Rc8+ Kxe7 40. Rh8 Nxa2 41. Rxh4 Nc3 42. Rh7+ Kf8 43. Ra1 Kg8 44. Re7 Nf8 45. Re8 Kf7 46. Rc8 Rxb3 47. Rf1+ Ke6 48. Rcxf8 d4 49. h4 d3 50. Rd8 Ne2+ 51. Kf2 Nf4 52. Re1+ Kf5 53. Rf8+ Kg4 54. Re4 Rb2+ 55. Ke1 Re2+ 56. Rxe2 Nxe2 57. Rf3 Kxh4 58. Rxd3 1-0

[Event "Mindsports Open 4th"]
[Site "London"]
[Date "2024.07.18"]
[Round "1.12"]
[White "Rocco, Federico"]
[Black "Buckley, Graeme N"]
[Result "1-0"]
[WhiteElo "2146"]
[BlackElo "2311"]
[PlyCount "91"]
[EventDate "2024.07.18"]
[EventType "swiss"]
[EventRounds "9"]
[EventCountry "ENG"]
[SourceTitle "BritBase"]
[Source "John Saunders"]
[SourceDate "2024.08.27"]
[SourceVersion "1"]
[SourceVersionDate "2024.08.27"]
[SourceQuality "1"]

1. e4 c5 2. Nf3 Nc6 3. Bb5 g6 4. O-O Bg7 5. c3 Nf6 6. Re1 O-O 7. h3 e5 8. d3 d6 9. a3 a6 10. Ba4 b5 11. Bc2 h6 12. Be3 Bb7 13. d4 c4 14. Nbd2 Re8 15. d5 Nb8 16. b3 cxb3 17. Bxb3 Nbd7 18. c4 Nc5 19. Bc2 Bc8 20. Qe2 Bd7 21. Rec1 Rc8 22. Bd3 bxc4 23. Nxc4 Nb3 24. Nxd6 Rxc1+ 25. Bxc1 Nxa1 26. Nxe8 Qxe8 27. Qb2 Bb5 28. Bb1 Qc8 29. Be3 Qc4 30. Nd2 Qe2 31. Qxa1 Qe1+ 32. Kh2 Bd3 33. d6 Qc1 34. Qa2 Bxb1 35. Qxb1 Qxa3 36. Qb8+ Kh7 37. Qc7 Qd3 38. Nc4 Nxe4 39. d7 Bf6 40. Nxe5 Qd5 41. Nxf7 Kg8 42. d8=Q+ Bxd8 43. Nxd8 h5 44. Bf4 Kf8 45. Nc6 Ke8 46. Qe7# 1-0

[Event "Mindsports Open 4th"]
[Site "London"]
[Date "2024.07.18"]
[Round "1.13"]
[White "Large, Peter G"]
[Black "Shearsby, Jude"]
[Result "1/2-1/2"]
[WhiteElo "2311"]
[BlackElo "2130"]
[PlyCount "50"]
[EventDate "2024.07.18"]
[EventType "swiss"]
[EventRounds "9"]
[EventCountry "ENG"]
[SourceTitle "BritBase"]
[Source "John Saunders"]
[SourceDate "2024.08.27"]
[SourceVersion "1"]
[SourceVersionDate "2024.08.27"]
[SourceQuality "1"]

1. e4 c5 2. Nc3 g6 3. Nf3 Bg7 4. d4 cxd4 5. Nxd4 d6 6. Be3 Nf6 7. Be2 Nc6 8. O-O O-O 9. Qd2 Bd7 10. Rad1 Rc8 11. f4 Na5 12. f5 Nc4 13. Bxc4 Rxc4 14. Qd3 Ng4 15. Nde2 Nxe3 16. Qxe3 Rc5 17. b4 Rc4 18. a3 Qb6 19. Qxb6 axb6 20. Nd5 Rxe4 21. Ng3 Re5 22. f6 exf6 23. Nxf6+ Bxf6 24. Rxf6 Bc6 25. Rfxd6 h5 1/2-1/2

[Event "Mindsports Open 4th"]
[Site "London"]
[Date "2024.07.18"]
[Round "1.14"]
[White "Oragwu, Chukwunonso"]
[Black "Golding, Alex"]
[Result "0-1"]
[WhiteElo "2129"]
[BlackElo "2296"]
[PlyCount "98"]
[EventDate "2024.07.18"]
[EventType "swiss"]
[EventRounds "9"]
[EventCountry "ENG"]
[SourceTitle "BritBase"]
[Source "John Saunders"]
[SourceDate "2024.08.27"]
[SourceVersion "1"]
[SourceVersionDate "2024.08.27"]
[SourceQuality "1"]

1. e4 e5 2. Nf3 Nc6 3. Bb5 a6 4. Ba4 Nf6 5. d3 d6 6. c3 Be7 7. Nbd2 O-O 8. Nf1 Nh5 9. Ng3 Nxg3 10. fxg3 f5 11. O-O Kh8 12. h3 b5 13. Bb3 Na5 14. Bc2 fxe4 15. dxe4 Be6 16. b3 c5 17. Be3 Nc6 18. a3 a5 19. Qe2 b4 20. cxb4 axb4 21. a4 Rc8 22. Nd2 Rxf1+ 23. Rxf1 Bg5 24. Bd3 Na5 25. Rb1 Bxe3+ 26. Qxe3 Qd7 27. Bb5 Qf7 28. Rf1 Qg8 29. Rf3 d5 30. exd5 Bxd5 31. Rf5 Nxb3 32. Nxb3 Bxb3 33. Bd7 Rc7 34. Rxe5 Bf7 35. Re7 b3 36. Qf2 Bd5 37. Re8 Rxd7 38. Rxg8+ Bxg8 39. a5 c4 40. a6 c3 41. a7 c2 42. a8=Q c1=Q+ 43. Kh2 Rd1 44. g4 Qc7+ 45. g3 Qc2 46. Qag2 Qxf2 47. Qxf2 Ra1 48. Qb6 Ra2+ 49. Kg1 b2 0-1

[Event "Mindsports Open 4th"]
[Site "London"]
[Date "2024.07.18"]
[Round "1.15"]
[White "Kalavannan, Koby"]
[Black "Johnson, Daniel"]
[Result "1/2-1/2"]
[WhiteElo "2265"]
[BlackElo "2126"]
[PlyCount "88"]
[EventDate "2024.07.18"]
[EventType "swiss"]
[EventRounds "9"]
[EventCountry "ENG"]
[SourceTitle "BritBase"]
[Source "John Saunders"]
[SourceDate "2024.08.27"]
[SourceVersion "1"]
[SourceVersionDate "2024.08.27"]
[SourceQuality "1"]

1. d4 Nf6 2. c4 e6 3. Nf3 d5 4. g3 Be7 5. Bg2 O-O 6. O-O dxc4 7. Qc2 a6 8. a4 Bd7 9. Qxc4 Bc6 10. Bg5 a5 11. Nc3 Ra6 12. Qb3 Rb6 13. Qc2 Bxf3 14. Bxf3 Nc6 15. Nb5 Nxd4 16. Nxd4 Qxd4 17. Qxc7 Bd6 18. Qc3 Qxc3 19. bxc3 Rc8 20. Rfd1 h6 21. Be3 Bc5 22. Bf4 Be7 23. Be5 Ne8 24. Bd4 Bc5 25. Bxc5 Rxc5 26. Rd8 Kf8 27. Rad1 Rc7 28. Ra8 Ke7 29. Rxa5 Rxc3 30. Ra7 Nd6 31. Ra8 Rc8 32. Rxc8 Nxc8 33. Ra1 Nd6 34. Kf1 Ra6 35. e4 f6 36. Rb1 Rxa4 37. e5 fxe5 38. Bxb7 Nxb7 39. Rxb7+ Kf6 40. Kg2 Ra2 41. Kf3 Ra3+ 42. Ke4 Ra4+ 43. Ke3 Ra3+ 44. Ke4 Ra4+ 1/2-1/2

[Event "Mindsports Open 4th"]
[Site "London"]
[Date "2024.07.18"]
[Round "1.16"]
[White "Kolani, Arjun"]
[Black "Lim, Zhuo Ren"]
[Result "0-1"]
[WhiteElo "2124"]
[BlackElo "2251"]
[PlyCount "116"]
[EventDate "2024.07.18"]
[EventType "swiss"]
[EventRounds "9"]
[EventCountry "ENG"]
[SourceTitle "BritBase"]
[Source "John Saunders"]
[SourceDate "2024.08.27"]
[SourceVersion "1"]
[SourceVersionDate "2024.08.27"]
[SourceQuality "1"]

1. e4 c5 2. Nf3 d6 3. d4 cxd4 4. Nxd4 Nf6 5. Nc3 a6 6. f3 e5 7. Nb3 Be6 8. Be3 Nbd7 9. g4 b5 10. g5 b4 11. Nd5 Nxd5 12. exd5 Bf5 13. Bd3 Bxd3 14. Qxd3 Be7 15. Rg1 O-O 16. O-O-O a5 17. Nd2 Qb8 18. Kb1 Rc8 19. Ne4 a4 20. h4 Qb7 21. h5 Qa6 22. Qxa6 Rxa6 23. f4 exf4 24. Bxf4 Rc4 25. Rge1 f5 26. gxf6 Nxf6 27. Nxf6+ Bxf6 28. Rf1 a3 29. b3 Re4 30. Rde1 Rxe1+ 31. Rxe1 Kf7 32. c4 bxc3 33. Re6 Ra5 34. Rxd6 Be7 35. Rd7 Ke8 36. Rc7 Rxd5 37. h6 g5 38. Bc1 Rd3 39. Kc2 Rh3 40. b4 Kd8 41. Rxc3 Rxh6 42. b5 Rb6 43. Rb3 g4 44. Be3 Rb7 45. Bf4 Kd7 46. Kd3 h5 47. Ke4 Ke6 48. b6 Bd6 49. Rb5 h4 50. Be3 h3 51. Rh5 Rf7 52. Rh6+ Rf6 53. Rh8 h2 54. b7 g3 55. Bc5 Bb8 56. Kd3 Kf5 57. Rh5+ Kg4 58. Rh8 Kf3 0-1

[Event "Mindsports Open 4th"]
[Site "London"]
[Date "2024.07.18"]
[Round "1.17"]
[White "Murawski, Jan"]
[Black "Ogunshola, Ben"]
[Result "0-1"]
[WhiteElo "2121"]
[BlackElo "2043"]
[PlyCount "98"]
[EventDate "2024.07.18"]
[EventType "swiss"]
[EventRounds "9"]
[EventCountry "ENG"]
[SourceTitle "BritBase"]
[Source "John Saunders"]
[SourceDate "2024.08.27"]
[SourceVersion "1"]
[SourceVersionDate "2024.08.27"]
[SourceQuality "1"]

1. d4 Nf6 2. c4 g6 3. Nc3 Bg7 4. e4 d6 5. f3 O-O 6. Be3 e5 7. d5 Nh5 8. Qd2 Qh4+ 9. Qf2 Qe7 10. O-O-O Na6 11. Bd3 f5 12. exf5 gxf5 13. Qd2 Nc5 14. Bc2 Qh4 15. b3 Qf6 16. Nge2 Bd7 17. h3 Rae8 18. g4 Nf4 19. gxf5 Nxe2+ 20. Qxe2 e4 21. Bd4 Nd3+ 22. Rxd3 exd3 23. Bxf6 dxe2 24. Bxg7 e1=Q+ 25. Rxe1 Rxe1+ 26. Kd2 Rh1 27. Bxf8 Rh2+ 28. Ne2 Kxf8 29. Ke3 Kf7 30. a3 Kf6 31. Be4 Rxh3 32. Nd4 Rh2 33. Kf4 Rd2 34. Ke3 Rxd4 35. Kxd4 Bxf5 36. b4 h5 37. c5 h4 38. f4 Bxe4 39. Kxe4 b5 40. Ke3 Kf5 41. Kf3 h3 42. Kg3 h2 43. Kxh2 Kxf4 44. Kg2 Ke4 45. Kf2 Kxd5 46. cxd6 cxd6 47. Ke3 Kc4 48. Kd2 Kb3 49. Kd3 Kxa3 0-1

[Event "Mindsports Open 4th"]
[Site "London"]
[Date "2024.07.18"]
[Round "1.18"]
[White "Wilks, Simon"]
[Black "Willmoth, Robert F"]
[Result "1/2-1/2"]
[WhiteElo "2027"]
[BlackElo "2115"]
[PlyCount "40"]
[EventDate "2024.07.18"]
[EventType "swiss"]
[EventRounds "9"]
[EventCountry "ENG"]
[SourceTitle "BritBase"]
[Source "John Saunders"]
[SourceDate "2024.08.27"]
[SourceVersion "1"]
[SourceVersionDate "2024.08.27"]
[SourceQuality "1"]

1. e4 d6 2. d4 Nf6 3. Nc3 g6 4. Be3 c6 5. h3 Nbd7 6. Nf3 e5 7. Qd2 Bg7 8. a4 O-O 9. dxe5 dxe5 10. Bc4 Qe7 11. O-O Nc5 12. Bg5 Qc7 13. Qe2 h6 14. Bxf6 Bxf6 15. Qe3 Qe7 16. Qxh6 Be6 17. Be2 a5 18. g3 Bg7 19. Qg5 Bf6 20. Qh6 Bg7 1/2-1/2

[Event "Mindsports Open 4th"]
[Site "London"]
[Date "2024.07.18"]
[Round "1.19"]
[White "Khoury, Theo"]
[Black "Dupuis, Denis K"]
[Result "0-1"]
[WhiteElo "2113"]
[BlackElo "2013"]
[PlyCount "106"]
[EventDate "2024.07.18"]
[EventType "swiss"]
[EventRounds "9"]
[EventCountry "ENG"]
[SourceTitle "BritBase"]
[Source "John Saunders"]
[SourceDate "2024.08.27"]
[SourceVersion "1"]
[SourceVersionDate "2024.08.27"]
[SourceQuality "1"]

1. e4 e5 2. Nf3 Nc6 3. d4 exd4 4. Nxd4 Nf6 5. Nxc6 bxc6 6. e5 Qe7 7. Qe2 Nd5 8. h4 d6 9. c4 Nb6 10. exd6 cxd6 11. Be3 d5 12. Nd2 Qe6 13. h5 Bb4 14. a3 Bxd2+ 15. Qxd2 h6 16. O-O-O O-O 17. Rg1 Nxc4 18. Bxc4 dxc4 19. g4 Qe4 20. Qc3 f6 21. Rd4 Qe6 22. Rgd1 Qf7 23. Rxc4 Be6 24. Rxc6 Rac8 25. Kb1 Bxg4 26. Rdd6 Rxc6 27. Rxc6 Qd5 28. Qc4 Qxc4 29. Rxc4 Be2 30. Rc5 a6 31. b4 Rb8 32. Kc2 Rb5 33. Kc3 Bxh5 34. a4 Rxc5+ 35. bxc5 Kf8 36. Kb4 Ke7 37. Ka5 Bd1 38. Kxa6 Bxa4 39. Ka5 Bc6 40. Kb4 Ke6 41. Kc3 Kf5 42. Kd2 Kg4 43. Ke1 Bb5 44. c6 Bxc6 45. Kf1 g5 46. f4 Kf3 47. Bd4 Kxf4 48. Bxf6 g4 49. Bd8 g3 50. Kg1 Kg4 51. Be7 h5 52. Bd8 h4 53. Bc7 h3 0-1